| 000 | 00646nam a2200217 a 4500 | ||
|---|---|---|---|
| 008 | |||
| 020 | _a9780620406970 (pbk.) | ||
| 049 | _aMAIN | ||
| 090 |
_aHQ1397 _bGEN |
||
| 245 | 1 | 0 |
_aGender and the tabloids / _cedited by Colleen Lowe Morna and Sikhonzile Ndlovu. |
| 260 |
_aJohannesburg : _bGender Links, _c2010. |
||
| 300 |
_a100 p. : _bill. ; _c25 cm. |
||
| 440 | _aMirror on the media. | ||
| 650 | 1 | _aGender and journalism. | |
| 700 | _aMorna, Colleen Lowe. | ||
| 907 |
_a.b10285428 _b06-06-11 _c27-10-10 |
||
| 003 | |||
| 005 | 20230123125305.0 | ||
| 040 | _cNUST | ||
| 942 |
_cBOOKS _kHQ1397 _mGEN |
||
| 999 |
_c138985 _d138985 |
||